00321nam a2200121Ia 4500008004000000082001500040100003800055245003600093260003900129300001100168440000600179650001400185210210b1979 xxu||||| |||| 00| 0 eng d a428.4 BHAE aBHASKER (W W S) and PRABHU (N S). aEnglish through reading. Vol 1. aDelhi.bMacmillan India Ltd.c1979 aiii,90 a1 aReading